<?xml version="1.0" encoding="UTF-8"?>
<collection xmlns="http://www.loc.gov/MARC21/slim">
 <record>
  <leader>01927aam a22003978a 4500</leader>
  <controlfield tag="001">000007043</controlfield>
  <controlfield tag="003">3204</controlfield>
  <controlfield tag="005">20111115091145.0</controlfield>
  <controlfield tag="008">110926s2006                        viesd</controlfield>
  <datafield tag="041" ind1="0" ind2=" ">
   <subfield code="a">vie</subfield>
  </datafield>
  <datafield tag="082" ind1="1" ind2="4">
   <subfield code="2">14</subfield>
   <subfield code="a">398.209.597</subfield>
   <subfield code="b">VIÊ</subfield>
  </datafield>
  <datafield tag="245" ind1="0" ind2="0">
   <subfield code="a">Kho tàng sử thi Tây Nguyên</subfield>
   <subfield code="b">Sử thi Chăm Hỏroi : Ci Bri - Ci Brit = Chi Bri - Chi Brít</subfield>
   <subfield code="c">Hát kể: Ma Mơ Lan (La O Giắc) ; S.t.: Ka Sô Liễng; Dịch Ka Sô Liễng; Biên tập Phan Đăng Nhật</subfield>
  </datafield>
  <datafield tag="260" ind1=" " ind2=" ">
   <subfield code="a">H.</subfield>
   <subfield code="b">Khoa học xã hội</subfield>
   <subfield code="c">2006</subfield>
  </datafield>
  <datafield tag="300" ind1=" " ind2=" ">
   <subfield code="a">962 tr.</subfield>
   <subfield code="c">24 cm.</subfield>
  </datafield>
  <datafield tag="500" ind1=" " ind2=" ">
   <subfield code="a">ĐTTS ghi: Viện Khoa học Xã hội Việt Nam. Viện Nghiên cứu Văn hoá</subfield>
  </datafield>
  <datafield tag="520" ind1=" " ind2=" ">
   <subfield code="a">Một số hình ảnh về con người, văn hóa Chăm Hơroi và thực hiện Dự án Điều tra, sưu tầm, bảo quản, biên dịch và xuất bản kho tàng sử thi Tây Nguyên</subfield>
  </datafield>
  <datafield tag="653" ind1=" " ind2=" ">
   <subfield code="a">Sử thi</subfield>
  </datafield>
  <datafield tag="653" ind1=" " ind2=" ">
   <subfield code="a">Tây Nguyên</subfield>
  </datafield>
  <datafield tag="653" ind1=" " ind2=" ">
   <subfield code="a">Kho tàng</subfield>
  </datafield>
  <datafield tag="653" ind1=" " ind2=" ">
   <subfield code="a">Sử thi Chăm Hơroi</subfield>
  </datafield>
  <datafield tag="700" ind1=" " ind2=" ">
   <subfield code="a">Ma mơ Lan</subfield>
   <subfield code="e">Hát kể</subfield>
  </datafield>
  <datafield tag="700" ind1=" " ind2=" ">
   <subfield code="a">Ka Sô Liễng</subfield>
   <subfield code="e">Sưu tầm, dịch</subfield>
  </datafield>
  <datafield tag="700" ind1=" " ind2=" ">
   <subfield code="a">Phan Đăng Nhật</subfield>
   <subfield code="e">Biên soạn</subfield>
  </datafield>
  <datafield tag="774" ind1=" " ind2=" ">
   <subfield code="d">H.</subfield>
   <subfield code="d">Khoa học xã hội</subfield>
   <subfield code="d">2010</subfield>
   <subfield code="g">Q.1</subfield>
   <subfield code="h">2235tr.</subfield>
   <subfield code="n">ĐTTS ghi: Viện Khoa học Xã hội Việt Nam. Viện Nghiên cứu Văn hoá</subfield>
   <subfield code="w">441818</subfield>
  </datafield>
  <datafield tag="774" ind1=" " ind2=" ">
   <subfield code="d">H.</subfield>
   <subfield code="d">Khoa học xã hội</subfield>
   <subfield code="d">2010</subfield>
   <subfield code="g">Q.2</subfield>
   <subfield code="h">tr. 1129-2235</subfield>
   <subfield code="n">ĐTTS ghi: Viện Khoa học Xã hội Việt Nam. Viện Nghiên cứu Văn hoá</subfield>
   <subfield code="w">441819</subfield>
  </datafield>
  <datafield tag="910" ind1=" " ind2=" ">
   <subfield code="a">Huỳnh Thị Cẩm Lai</subfield>
   <subfield code="d">26/09/2011</subfield>
  </datafield>
  <datafield tag="OWN" ind1=" " ind2=" ">
   <subfield code="a">LSP</subfield>
  </datafield>
  <datafield tag="AVA" ind1=" " ind2=" ">
   <subfield code="a">UDN50</subfield>
   <subfield code="b">LSP</subfield>
   <subfield code="d">398.209.597 VIÊ</subfield>
   <subfield code="e">available</subfield>
   <subfield code="t">Error 5001 Not defined in file expand_doc_bib_avail.</subfield>
   <subfield code="f">1</subfield>
   <subfield code="g">0</subfield>
   <subfield code="h">N</subfield>
   <subfield code="i">0</subfield>
   <subfield code="k">1</subfield>
  </datafield>
  <datafield tag="999" ind1=" " ind2=" ">
   <subfield code="a">From the UDN01</subfield>
  </datafield>
  <datafield tag="AVA" ind1=" " ind2=" ">
   <subfield code="a">UDN50</subfield>
   <subfield code="b">LSP</subfield>
   <subfield code="d">398.209.597 VIÊ</subfield>
   <subfield code="e">available</subfield>
   <subfield code="t">Error 5001 Not defined in file expand_doc_bib_avail.</subfield>
   <subfield code="f">1</subfield>
   <subfield code="g">0</subfield>
   <subfield code="h">N</subfield>
   <subfield code="i">0</subfield>
   <subfield code="k">1</subfield>
  </datafield>
  <datafield tag="TYP" ind1=" " ind2=" ">
   <subfield code="a">Monograph</subfield>
  </datafield>
  <datafield tag="TYP" ind1=" " ind2=" ">
   <subfield code="a">Printed language</subfield>
  </datafield>
  <datafield tag="980" ind1=" " ind2=" ">
   <subfield code="a">Mạng thư viện Đại học Đà Nẵng</subfield>
  </datafield>
 </record>
</collection>
